Stated choice methods : analysis and applications / (Record no. 5748)
[ view plain ]
| 000 -LEADER | |
|---|---|
| fixed length control field | 01182nac a22002651u 4500 |
| 010 ## - LIBRARY OF CONGRESS CONTROL NUMBER | |
| LC control number | 00023024 |
| 020 ## - INTERNATIONAL STANDARD BOOK NUMBER | |
| International Standard Book Number | 0521782759 |
| 082 00 - DEWEY DECIMAL CLASSIFICATION NUMBER | |
| Classification number | 658.8342 |
| Item number | LOU |
| 090 ## - LOCALLY ASSIGNED LC-TYPE CALL NUMBER (OCLC); LOCAL CALL NUMBER (OCLC) | |
| -- | 5748 |
| -- | 5748 |
| 100 ## - MAIN ENTRY--PERSONAL NAME | |
| Personal name | Louviere, Jordan J. |
| 245 10 - TITLE STATEMENT | |
| Title | Stated choice methods : analysis and applications / |
| Statement of responsibility, etc | Jordan J. Louviere, David A. Hensher, Joffre Swait, with a contribution by Wiktor Adamowicz. |
| 260 ## - PUBLICATION, DISTRIBUTION, ETC. (IMPRINT) | |
| Place of publication, distribution, etc | Cambridge, UK ; |
| -- | New York, NY, USA : |
| Name of publisher, distributor, etc | Cambridge University Press,2000 |
| Date of publication, distribution, etc | 2000. |
| 300 ## - PHYSICAL DESCRIPTION | |
| Extent | xv, 402 p. : |
| Other physical details | ill. ; |
| Dimensions | 26 cm. |
| 500 ## - GENERAL NOTE | |
| General note | distributer: Al-Ahram |
| 504 ## - BIBLIOGRAPHY, ETC. NOTE | |
| Bibliography, etc | Includes bibliographical references (p. 382-398) and index. |
| 511 ## - PARTICIPANT OR PERFORMER NOTE | |
| Participant or performer note | catalogued by: wessam |
| 650 #0 - SUBJECT ADDED ENTRY--TOPICAL TERM | |
| Topical term or geographic name as entry element | Consumer behavior |
| General subdivision | Mathematical models. |
| 650 #0 - SUBJECT ADDED ENTRY--TOPICAL TERM | |
| Topical term or geographic name as entry element | Decision making |
| General subdivision | Mathematical models. |
| 700 1# - ADDED ENTRY--PERSONAL NAME | |
| Personal name | Hensher, David A., |
| Dates associated with a name | 1947- |
| 700 1# - ADDED ENTRY--PERSONAL NAME | |
| Personal name | Swait, Joffre Dan. |
| 856 41 - ELECTRONIC LOCATION AND ACCESS | |
| Materials specified | Sample text |
| Uniform Resource Identifier | <a href="http://www.loc.gov/catdir/samples/cam031/00023024.html">http://www.loc.gov/catdir/samples/cam031/00023024.html</a> |
| 856 41 - ELECTRONIC LOCATION AND ACCESS | |
| Materials specified | Publisher description |
| Uniform Resource Identifier | <a href="http://www.loc.gov/catdir/description/cam021/00023024.html">http://www.loc.gov/catdir/description/cam021/00023024.html</a> |
| 856 41 - ELECTRONIC LOCATION AND ACCESS | |
| Materials specified | Table of contents |
| Uniform Resource Identifier | <a href="http://www.loc.gov/catdir/toc/cam021/00023024.html">http://www.loc.gov/catdir/toc/cam021/00023024.html</a> |
| 942 ## - ADDED ENTRY ELEMENTS (KOHA) | |
| Item type | Book - Borrowing |
| Call number prefix | 658.8342LOU |
| Withdrawn status | Item status | Damaged status | Not for loan | Home library | Current library | Shelving location | Date acquired | Source of acquisition | Total Checkouts | Full call number | Barcode | Date last seen | Date last borrowed | Koha item type |
|---|---|---|---|---|---|---|---|---|---|---|---|---|---|---|
| Central Library | Central Library | First floor | 04/11/2007 | Purchase | 1 | 658.8342LOU | 000007184 | 15/07/2025 | 21/11/2016 | Book - Borrowing |